Statistics for United State of Pop 2019 Songs

Click here to take the quiz!

General Stats

  • This quiz has been taken 12 times
  • The average score is 12 of 25

Answer Stats

Artist/BandSong% Correct
Billie EilishBad Guy
90%
Lil Nas XOld Town Road
80%
Shawn Mendes feat. Camila CabelloSeñorita
80%
Lady Gaga & Bradley CooperShallow
80%
Ariana Grande7 Rings
70%
Ava MaxSweet But Psycho
70%
Ed Sheeran feat. Justin BieberI Don't Care
60%
Selena GomezLose You to Love Me
60%
Jonas BrothersSucker
60%
Post MaloneCircles
50%
Lizzogood as hell
50%
Maroon 5Memories
50%
Post Malone feat. Swae LeeSunflower
50%
Khalid feat. DisclosureTalk
50%
LizzoTruth Hurts
50%
Sam Smith feat. NormaniDancing With a Stranger
40%
HalseyWithout Me
40%
KhalidBetter
30%
Benny Blanco feat. Halsey & KhalidEastside
30%
Panic! at the DiscoHigh Hopes
30%
Lewis CapaldiSomeone You Loved
30%
Chris Brown feat. DrakeNo Guidance
20%
Post MaloneWow.
20%
J. ColeMiddle Child
10%
Meek Mill feat. DrakeGoing Bed
0%

Score Distribution

Percentile by Number Answered

Percent of People with Each Score

Your Score History

You have not taken this quiz